LEADER 00773nam2 2200265 450 001 000004473 005 20050630120200.0 010 $a0-19-434078-3 100 $a--------d2000----km-y0itay50------ba 101 $aeng 102 $aGB 200 1 $aIntermediate$fWill Forsyth 210 $aOxford [etc.]$cOxford university press$d2000 215 $a111 p.$cill.$d28 cm 225 2 $aShort course series 410 0$12001$aShort course series 461 1$1001000004472$12001$aClockwise$vintermediate 610 1 $aLingua inglese$aGrammatica 676 $a428 700 1$aForsyth,$bWill$0630244 801 0$aIT $bUNIPARTHENOPE $gRICA $2UNIMARC 912 $a000004473 951 $cNAVA1$a428-C/6$b35653$d20030120 996 $aIntermediate$91205902 997 $aUNIPARTHENOPE LEADER 01186nam2 22002893i 450 001 VAN00103637 005 20240806100723.725 010 $a978-88-572-2143-4 100 $a20151119d2013 |0itac50 ba 101 $aita 102 $aIT 105 $a|||| ||||| 200 1 $aˆ2: La ‰circolazione delle opere d'arte$fa cura di Gianfranco Negri-Clementi e Silvia Stabile 210 $aMilano$cSkira$d2013 215 $a294 p., VIII p. di tav.$cill.$d25 cm. 461 1$1001VAN00103634$12001 $aˆIl ‰diritto dell'arte$1210 $aMilano$cSkira$1215 $avolumi$d25 cm.$v2 606 $aOpere d'arte$xItalia$xDiritto$3VANC031301$2SG 620 $dMilano$3VANL000284 702 0$aNegri-Clementi, Gianfranco$3VANV080840 702 1$aStabile$bSilvia$3VANV073647 712 $aSkira $3VANV108061$4650 801 $aIT$bSOL$c20240906$gRICA 899 $aBIBLIOTECA DEL DIPARTIMENTO DI GIURISPRUDENZA$1IT-CE0105$2VAN00 912 $aVAN00103637 950 $aBIBLIOTECA DEL DIPARTIMENTO DI GIURISPRUDENZA$d00CONS IV.Er.299 2 $e00UBG409 20151119 996 $aCircolazione delle opere d'arte$91440114 997 $aUNICAMPANIA